000 00267nam a22001217a 4500
008 181019b xxu||||| |||| 00| 0 eng d
041 _aeng
080 _22 ED
_a541
100 _a12
101 _aKIM
245 _aPhysical Chemistry
_cRobert.A.A
942 _2udc
_cBK
999 _c50286
_d50286